000 00917nam a2200241 4500
003 OSt
005 20260530113918.0
008 260508b1992 ja ||||| |||| 00| 0 spa d
040 _aICI
_bspa
_cICI
_erda
050 0 0 _aNC999.6.S7
_bM37 1992
100 1 _aMariscal, Javier
_d 1950-
_eautor
_934353
245 1 0 _aMariscal /
_c Javier Mariscal.
264 1 _aMilán : $b Electa,
_c1992.
300 _a1 volumen (sin paginar) :
_b ilustraciones (principalmente a color)
336 _2rdacontent
_atexto
337 _2rdamedia
_asin medio
338 _2rdacarrier
_avolumen
500 _aPublicado originalmente en italiano; contiene una revisión exhaustiva de la obra del artista, incluyendo diseño gráfico, mobiliario e ilustración.
600 1 4 _aMariscal, Javier,
_d1950-
_934354
650 4 _aDiseño gráfico
_ySiglo XX.
_z España
_934355
650 4 _aDiseño industrial
_zEspaña
_934356
942 _2lcc
_n1
_cBK
999 _c12359
_d12359